| 000 | 00513nam a2200169 i 4500 | ||
|---|---|---|---|
| 001 | 103995 | ||
| 003 | ES-MaACL | ||
| 005 | 20230906183504.0 | ||
| 007 | t| | ||
| 008 | 051122s1962 sp ||||1| spa d | ||
| 100 | 1 |
_aMessner, Johannes. _980690 |
|
| 245 | 1 | 3 |
_aEl funcionario en la sociedad pluralista / _cJohannes Messner; traducción de Rafael de la Vega. |
| 260 |
_aMadrid : _bRialp, _c1962. |
||
| 300 |
_a377 p. ; _c25 cm. |
||
| 700 | 1 |
_aVega, Rafael de la. _9113581 |
|
| 852 |
_aES-MaACL _jC-22518 _bR.51286 |
||
| 999 |
_c103995 _d103995 |
||